<?xml version="1.0" encoding="UTF-8"?>
<record
    xmlns:xsi="http://www.w3.org/2001/XMLSchema-instance"
    xsi:schemaLocation="http://www.loc.gov/MARC21/slim http://www.loc.gov/standards/marcxml/schema/MARC21slim.xsd"
    xmlns="http://www.loc.gov/MARC21/slim">

  <leader>00690    a2200133   4500</leader>
  <datafield tag="082" ind1=" " ind2=" ">
    <subfield code="a">709.984</subfield>
    <subfield code="b">C186b</subfield>
  </datafield>
  <datafield tag="110" ind1=" " ind2=" ">
    <subfield code="a">Centro Cultural de Espa&#x105; en Montevideo</subfield>
    <subfield code="9">246</subfield>
  </datafield>
  <datafield tag="245" ind1=" " ind2=" ">
    <subfield code="a">Bolivia Arte contemporaneo</subfield>
    <subfield code="b">Disolventes de Preconceptos</subfield>
  </datafield>
  <datafield tag="260" ind1=" " ind2=" ">
    <subfield code="a">Montevideo, Uruguay</subfield>
    <subfield code="b">Centro Cultural de Espa&#x105;</subfield>
    <subfield code="c">2007</subfield>
  </datafield>
  <datafield tag="300" ind1=" " ind2=" ">
    <subfield code="a">64 p.</subfield>
    <subfield code="b">a color</subfield>
    <subfield code="c">16 cm</subfield>
  </datafield>
  <datafield tag="505" ind1=" " ind2=" ">
    <subfield code="t">En Busca de las Cercanias/ Hortensia Campanella</subfield>
    <subfield code="t">Disolvente de Preconceptos/ Cecilia Baya Botti</subfield>
    <subfield code="t">Rodrigo Bellott</subfield>
    <subfield code="t">Ramiro Cucaracha</subfield>
    <subfield code="t">Cecilia Lampo</subfield>
    <subfield code="t">Sol Mateo</subfield>
    <subfield code="t">Guiomar Mesa</subfield>
    <subfield code="t">Joaquin Sanchez</subfield>
    <subfield code="t">Jaime Taborga</subfield>
    <subfield code="t">Gaston Ugalde</subfield>
    <subfield code="t">Biografias</subfield>
  </datafield>
  <datafield tag="650" ind1=" " ind2=" ">
    <subfield code="x">Arte-Bolivia</subfield>
    <subfield code="x">Arte Contemporaneo</subfield>
    <subfield code="z">Bolivia</subfield>
    <subfield code="9">247</subfield>
  </datafield>
  <datafield tag="710" ind1=" " ind2=" ">
    <subfield code="a">Centro Cultural de Espa&#x105; en Montevideo</subfield>
    <subfield code="9">248</subfield>
  </datafield>
  <datafield tag="999" ind1=" " ind2=" ">
    <subfield code="c">41</subfield>
    <subfield code="d">41</subfield>
  </datafield>
  <datafield tag="952" ind1=" " ind2=" ">
    <subfield code="0">0</subfield>
    <subfield code="1">0</subfield>
    <subfield code="2">ddc</subfield>
    <subfield code="4">0</subfield>
    <subfield code="7">0</subfield>
    <subfield code="a">LV</subfield>
    <subfield code="b">LV</subfield>
    <subfield code="c">Pensamiento</subfield>
    <subfield code="d">2014-04-07</subfield>
    <subfield code="l">0</subfield>
    <subfield code="o">709.984 C186b</subfield>
    <subfield code="p">001294</subfield>
    <subfield code="r">2014-04-07 00:00:00</subfield>
    <subfield code="w">2014-04-07</subfield>
    <subfield code="y">01</subfield>
  </datafield>
</record>
